The 50 Top Songs Of The 1960s - Statistics

General Stats
  • This quiz has been taken 28 times
  • The average score is 16 of 50
Answer Stats
Hint Artist Answer % Correct
10 The Mamas & The Papas California Dreamin'
73%
3 The Animals House of the Rising Sun
73%
15 Louis Armstrong What A Wonderful World
68%
13 Steppenwolf Born To Be Wild
64%
4 Van Morrison Brown Eyed Girl
64%
26 Johnny Cash Ring of Fire
64%
43 Chubby Checker The Twist
64%
11 Aretha Franklin Respect
59%
8 David Bowie Space Oddity
59%
5 The Jimi Hendrix Experience All Along The Watchtower
55%
35 Procol Harum A Whiter Shade of Pale
55%
2 Creedence Clearwater Revival Fortunate Son
55%
9 Ben E. King Stand By Me
55%
30 The Who My Generation
50%
34 The Monkees Daydream Believer
45%
40 Sonny & Cher I Got You Babe
45%
21 The Turtles Happy Together
41%
22 Bob Dylan Like A Rolling Stone
41%
12 The Beach Boys Wouldn't It Be Nice
41%
29 Booker T. & The MG's Green Onions
36%
24 The Kinks You Really Got Me
36%
1 Marvin Gaye & Tammi Terrel Ain't No Mountain high Enough
32%
19 Buffalo Springfield For What It's Worth
32%
14 The Temptations My Girl
32%
38 The Troggs Wild Thing
32%
20 Dusty Springfield Son of a Preacher Man
27%
50 Tammy Wynette Stand By Your Man
27%
27 The Band The Weight
27%
6 The Beatles Come Together
23%
7 The Rolling Stones (I Can't Get No) Satisfaction
23%
39 James Brown Papa's Got A Brand New Bag
23%
16 Jefferson Airplane Somebody to Love
23%
18 Elvis Presley Suspicious Minds
23%
33 Sam Cooke A Change Is Gonna Come
18%
45 The Easybeats Friday On My Mind
18%
44 The Box Tops The Letter
18%
31 Martha Reeves & The Vandellas Dancing In The Streets
14%
36 Harry Nilsson Everybody's Talkin'
14%
42 Fontella Bass Rescue Me
14%
28 The Zombies Time of the Season
14%
49 Donovan Catch the Wind
9%
32 Sam & Dave Hold On, I'm Comin'
9%
41 Chuck Berry You Never Can Tell
9%
17 Nina Simone Feelin' Good
5%
47 Cream I Feel Free
5%
23 James Brown I Got You (I Feel Good)
5%
37 Etta James I Just Want To Make Love To You
5%
48 Eddie Floyd Knock On Wood
5%
46 Nico These Days
5%
25 Jackie Wilson (Your Love Keeps Lifting Me) Higher
5%
No matching quizzes found
Score Distribution
Percent of People with Each Score
Percentile by Number Answered
Your Score History
You have not taken this quiz